বাঙালীর ইতিহাস চর্চার ধারা, ১৯০১-১৯৫০ / (Record no. 158121)
[ view plain ]
| 000 -LEADER | |
|---|---|
| fixed length control field | 01147nam a22002177a 4500 |
| 003 - CONTROL NUMBER IDENTIFIER | |
| control field | BD-DhUL |
| 005 - DATE AND TIME OF LATEST TRANSACTION | |
| control field | 20170226164309.0 |
| 008 - FIXED-LENGTH DATA ELEMENTS--GENERAL INFORMATION | |
| fixed length control field | 161128s1995 bg a|||| mb|| 00| 0 ben d |
| 040 ## - CATALOGING SOURCE | |
| Original cataloging agency | BD-DhUL |
| Transcribing agency | BD-DhUL |
| 082 ## - DEWEY DECIMAL CLASSIFICATION NUMBER | |
| Classification number | 954.92 |
| Item number | ISB |
| 100 1# - MAIN ENTRY--PERSONAL NAME | |
| Personal name | ইসলাম, এম. নুরুল |
| 245 10 - TITLE STATEMENT | |
| Title | বাঙালীর ইতিহাস চর্চার ধারা, ১৯০১-১৯৫০ / |
| Statement of responsibility, etc. | এম. নুরুল ইসলাম। |
| Medium | [অভিসন্দর্ভ পিএইচডি] |
| 260 ## - PUBLICATION, DISTRIBUTION, ETC. (IMPRINT) | |
| Place of publication, distribution, etc. | ঢাকা : |
| Name of publisher, distributor, etc. | ঢাকা বিশ্ববিদ্যালয়, |
| Date of publication, distribution, etc. | ১৯৯৫। |
| 300 ## - PHYSICAL DESCRIPTION | |
| Extent | ৪৭৭ পৃ. ; |
| Dimensions | ২৯ সে. মি. |
| 500 ## - GENERAL NOTE | |
| General note | অভিসন্দর্ভ (পিএইচ.ডি. )--ইতিহাস বিভাগ, ঢাকা বিশ্ববিদ্যালয়, ১৯৯৫। |
| 504 ## - BIBLIOGRAPHY, ETC. NOTE | |
| Bibliography, etc | গ্রন্থপঞ্জি: পৃ. ২৩৬-২৪০ |
| 504 ## - BIBLIOGRAPHY, ETC. NOTE | |
| Bibliography, etc | গ্রন্থপঞ্জিগত তথ্য সংবলিত |
| 651 #4 - SUBJECT ADDED ENTRY--GEOGRAPHIC NAME | |
| Geographic name | বাংলাদেশ |
| General subdivision | ইতিহাস |
| 651 #4 - SUBJECT ADDED ENTRY--GEOGRAPHIC NAME | |
| Geographic name | Bangladesh |
| General subdivision | History |
| 942 ## - ADDED ENTRY ELEMENTS (KOHA) | |
| Source of classification or shelving scheme | |
| Koha item type | Reference |
| Price effective from | Date last seen | Permanent Location | Not for loan | Date acquired | Source of classification or shelving scheme | Koha item type | Lost status | Withdrawn status | Copy number | Source of acquisition | Collection code | Damaged status | Shelving location | Barcode | Current Location | Full call number |
|---|---|---|---|---|---|---|---|---|---|---|---|---|---|---|---|---|
| 2017-02-26 | 2017-02-26 | Dhaka University Library | Not For Loan | 2017-02-26 | Reference | 1 | Gift | Reference | Rare Collection | 382331 | Dhaka University Library | 954.92 ISB |
